|
|
|
|
| LEADER |
01299nam a2200301 a 4500 |
| 001 |
2790062 |
| 008 |
090520s1982 ilua b 001 0 eng d |
| 010 |
|
|
|a \\\81082917
|
| 020 |
|
|
|a 0256026580 (v. 1)
|
| 040 |
|
|
|a DLC
|c DLC
|d DLC
|
| 082 |
0 |
0 |
|a 306
|2 19
|
| 100 |
1 |
|
|a Barnouw, Victor.
|
| 245 |
1 |
3 |
|a An introduction to anthropology /
|c Victor Barnouw.
|
| 250 |
|
|
|a 4th ed.
|
| 260 |
|
|
|a Homewood, Ill. :
|b Dorsey Press,
|c 1982-
|
| 300 |
|
|
|a xiv,391 p. :
|b ill. ;
|c 24 cm.
|
| 362 |
|
|
|a vol.1
|
| 490 |
1 |
|
|a The Dorsey series in anthropology
|
| 504 |
|
|
|a Bibliography: p. v. 1, p. 369-378.
|
| 500 |
|
|
|a Includes index.
|
| 505 |
1 |
|
|a v. 1. Physical anthropology and archaeology.
|
| 541 |
1 |
|
|e 00004860
|
| 650 |
|
0 |
|a Anthropology.
|
| 852 |
4 |
|
|a Ayesha Abed Library
|j Generalshelf
|
| 999 |
|
|
|c 909
|d 909
|
| 952 |
|
|
|0 0
|1 0
|2 ddc
|4 0
|6 306_BAR_198200000000000
|7 0
|8 NFIC
|9 838
|a BRACUL
|b BRACUL
|c GEN
|d 2009-05-20
|g 0.00
|l 8
|m 23
|o 306 BAR
|p 3010004860
|r 2025-09-03
|s 2025-08-28
|t 1
|w 2009-05-20
|y BK
|x No price found in the accession register.
|
| 952 |
|
|
|0 0
|1 0
|2 ddc
|4 0
|6 306_000000000000000_BAR
|7 0
|9 43360
|a SCL
|b SCL
|c GEN
|d 1998-11-19
|l 0
|o 306 BAR
|p 3020000809
|r 2014-07-23
|t 2
|w 2014-07-23
|y BK
|
| 952 |
|
|
|0 0
|1 0
|2 ddc
|4 0
|6 306_000000000000000_BAR
|7 0
|9 43361
|a SCL
|b SCL
|c GEN
|d 1998-11-19
|l 0
|o 306 BAR
|p 3020000810
|r 2014-07-23
|t 3
|w 2014-07-23
|y BK
|